Conflit Russie/Ukraine-Pays ayant fermé leur espace aérien à la Russie - Statistiques

Statistiques générales
  • Ce quiz a été pris 442 fois
  • Le résultat moyen est 25 sur 32
Statistiques - réponses
Pays ayant mis en place des restrictions sur leur ciel % Correct
France
98%
Espagne
92%
Pologne
91%
Allemagne
89%
Finlande
88%
Royaume-Uni
88%
Suède
88%
Norvège
87%
Portugal
87%
Belgique
82%
Estonie
82%
Italie
82%
Lituanie
82%
Lettonie
81%
Grèce
79%
Roumanie
79%
Autriche
76%
Pays-Bas
76%
Slovaquie
75%
Danemark
74%
Slovénie
74%
Hongrie
73%
Bulgarie
72%
Irlande
72%
Croatie
71%
République tchèque
68%
Islande
67%
Luxembourg
64%
Moldavie
60%
Canada
58%
Macédoine du Nord
50%
Malte
48%
Aucun quiz correspondant
Distribution des résultats
% des personnes avec chaque résultat
Percentile par nombre de réponses
Votre historique - résultats
Vous n’avez pas pris ce quiz